000 00908nam a22002537a 4500
999 _c21201
_d21201
003 AR-CdUCM
008 190305b ||||| |||| 00| 0 spa d
020 _a9786120032183
040 _aMUNICIPALIDAD PROVINCIAL DEL CUSCO
_cBIBLIOTECA MUNICIPAL DEL CUSCO
082 _a299.98 / G78
_bG78
100 _aGranda Ñaure, Magnomi
_944291
245 _aMachupicchu trono de Dios /
260 _aCusco :
_bDannys Graff,
_c2018.
300 _a87 páginas ;
_bilustraciones,
_c29 cm.
500 _aMachupicchu según punto de vista de la religión Israelita
505 _aContenido: Dios y el universo -- El origen de los continentes -- Golpe de estado y conflicto político en el cielo -- El origen de los Inkas ...
650 _aMachupicchu
_91751
650 _aInkas
_91899
650 _aIncas
_9303
650 _aReligión
_91195
650 _aCusco Perú
_944253
942 _2ddc
_cLIBROS
945 _aRoel